000 00481nam a2200181Ia 4500
008 230524s9999 xx 000 0 und d
020 _a9788125920625
082 _a658.5
_bKUM
100 _aArun Kumar
245 0 _aMarketing Management :Comprehensive Text Base Practices Corporate Insights
250 _aIST
260 _aNEW DELHI
_bVikas
_c2008
300 _aXXIII;804
500 _aQuantity Number: 15
650 _aManagement
700 _a N Meenakshi
942 _cBK
999 _c41919
_d41919